Quizzes
Events
Quiz Creation
Community
Videos
Private Events
Remove Ads
Sign In
Join for FREE
Feedback
Dark Mode
Quiz Categories
Sports
Geography
Music
Movies
Television
Just For Fun
Miscellaneous
History
Literature
Language
Science
Gaming
Entertainment
Religion
Holiday
For Kids
Quiz Lab
Recent
Popular Today
Quiz Kudos Today
Editor Picks
Curator Picks
Quizzes by...
Day
Popularity
Type
Ratings
Length
Year
Community
Subscriptions
Recent Discussions
Orange Saloon
Badges
Playlists
Quests
Create
Leaderboards
Showdown
Live 5
Trivia Bingo
Activity
Puzzle Library
Sporcle Events
Private Events
Virtual Trivia
Globe League
Become a Host
Pub Owners
SporcleCon
Opinionation
Our Games
Videos
Blog
Mobile Apps
Partnerships
Remove Ads and Go Orange
Feedback
History
US Presidents
World Leaders
Politics
Nation
Discovery
War
Decade
Year
Century
Biography
Art
History
US Presidents
World Leaders
Politics
Nation
Discovery
War
Decade
Year
Century
Biography
Art
Random Quiz
Search Sporcle
×
Quiz Lab
Quiz Lab
History
malcolm
Type in answers that appear in a list
Type in answers that appear in a list
Classic
Best Score? Go Orange.
The Autobiography of Malcolm X Trivia Stats
Can you name the The Autobiography of Malcolm X Trivia?
By
Lizandro
7m
10 Questions
206 Plays
206 Plays
206 Plays
Comments
Comments
Give Quiz Kudos
Give Quiz Kudos
-
- Ratings
hide this ad
More Info
Replay
Link that replays current quiz
Next Quiz
Link to next quiz in quiz playlist
You Got
0%
They Got
Avg Score
32%
Avg Friend Score
Upgrade to see
Score Distribution
Jump to the score distribution portion of the page
Score
0/10
Timer
07:00
0
Plays Today
Question
Malcolm X Fact
% Correct
What religion did Malcolm believe in?
Islam
77.2%
In Harlem Malcolm was known to be a hustler. Did he countiue a career at. Raping wemen, Drug Dealing, Killing or Pimpin'?
Drug Dealing
68.4%
When Malcolm moved to Mason, Michigan. What was his street name?
Red
64.1%
E_
_
_
_
h M_
_
_
_
_
_
d, founder of Nation of Islam. Type the full missing words.
Elijah Muhammed
53.9%
What was the prison slang for a new inmate, that Malcolm metions?
Fish
19.9%
Macolm regrets ruining whos life?
Laura
18%
When Malcolm went to Jail. Why was he named Satan?
Atheism
8.7%
Pork was not eaten by those who worshiped in the _
_
_
_
_
_
_
_
_
_
_
_
?
Islam Religion
3.9%
What was a rule the followers of 'The Honorable Elijah Muhammed'?
Narcotics
3.9%
In Michigan what did Malcolm use Sophia for?
Desires
2.9%
Quiz Playlist
Details
Report
Send in Message
Add To Playlist
More Info:
The Autobiography of Malcolm X by Alex Haley
Classic:
Type in answers that appear in a list
Last Updated: Aug 8, 2017
Quiz Scoreboard
CHALLENGE
Sign Up to Join the Scoreboard
Show All
Scores
Hide
Comments
May contain spoilers
Recently Published
1-10 Letter E Words III
by El_Dandy
Language
2m
One Thing in Common: World Cities II
by knightlancer
Geography
7m
Popular People in 1961
by mucciniale
History
6m
More to Explore
Quiz From the Vault
Featured Blog Post
Where Did the Easter Bunny Come From?
hide this ad
You Might Also Like...
Tags
Autobiography
malcolm
Today's Top Quizzes in History
Browse History
hide this ad
Top Contributed Quizzes in History
1
Popular People in 1991
2
Popular People in 1981
3
Popular People in 1951
4
Popular People in 1941
5
Popular People in 1986
6
Popular People in 1921
7
Popular People in 1976
8
Popular People in 1946
9
Popular People in 1936
10
I Am Born On March 28th
Explore More
Trending Topics
Kpop
Disney
Anime
Harry Potter
Marvel
Crossword
NBA
WWE
NFL
Song
Soccer
The Office
Country
Pokémon
Puzzle
hide this ad
More By:
Lizandro
Quiz
Plays
Rating
Category
Featured
Created
The Autobiography of Malcolm X Trivia
206
1.80
History
Nov 3, 2010
Go to Creator's Profile
Score Distribution
Quiz Creator Spotlight
Lizandro
Follow
Send a Message
Quizzes Created
-
Created Quiz Play Count
-
More By This Creator
Popular Quizzes Today
1
Find the US States - No Outlines Minefield
2
The Countries of the World
3
Popular People in 1961
4
Find the Countries of Europe - No Outlines Minefield
5
1-10 Letter E Words III
6
Find the US States
7
One Thing in Common: World Cities II
8
US States
More History Quizzes
Quick Pick: Presidential Firsts
Quiz Lab
Trending Quizzes
1-10 Letter F Words
One Thing in Common: Music
1-10 Letter G Words
Risky Map Clicking: Next State Alphabetically
1-10 Letter F Words II
Recently Updated
Leaping Animals
pecheneg
Reality TV Shows (A-Z)
bhenderson79
Rickey Henderson's Hall of Fame Teammates
pecheneg
Champions League XIs: Arsenal
pecheneg
Quick Pick: Celebrities in WWE's Hall of Fame
aduchscher
A-Z Keypad Blitz II
pecheneg
Multiple Oscar Actors
pecheneg
Mystery Phrase Blitz: Oscar 'Best Actors'
pecheneg
F. Scott Fitzgerald Novels
LTH
Pick 3 Villains
ddd62291
Trending Topics
Disney
Anime
Marvel
Harry Potter
Kpop
Crossword
NBA
NFL
Country
Soccer
Pokémon
The Office
Song
Puzzle
WWE
Your Account Isn't Verified!
In order to create a playlist on Sporcle, you need to verify the email address you used during registration. Go to your
Sporcle Settings
to finish the process.
Report this User
Report this user for behavior that violates our
Community Guidelines
.
Details:
Send Report
Go to the Sporcle.com Mobile Site →
Comments